[Event "Adelboden Seniors op 4th"]
[Site "Adelboden"]
[Date "2006.06.20"]
[Round "2"]
[White "Kuenzle, Heinz"]
[Black "Weiersmueller, Otto"]
[Result "1-0"]
[WhiteElo "1669"]
[BlackElo "1638"]
[PlyCount "27"]
[EventDate "2006.06.19"]
[EventType "swiss"]
[EventRounds "9"]
[EventCountry "SUI"]
[SourceTitle "EXT 2007"]
[Source "ChessBase"]
[SourceDate "2006.11.23"]
[SourceVersion "1"]
[SourceVersionDate "2006.11.23"]
[SourceQuality "1"]

1. d4 d5 2. Nf3 Nf6 3. e3 e6 4. Bd3 Be7 5. Nbd2 Nbd7 6. c3 c5 7. 0-0 0-0 8. Qe2 Re8 9. e4 dxe4 10. Nxe4 b6 11. Bg5 cxd4 12. Nxf6+ Nxf6 13. Bxf6 Bxf6 14. Qe4 1-0